[Event "EU-Cup 38th"]
[Site "Durres"]
[Date "2023.10.02"]
[Round "2.2"]
[White "Volokitin, Andrei"]
[Black "Klabis, Rokas"]
[Result "1-0"]
[WhiteElo "2664"]
[BlackElo "2419"]
[PlyCount "63"]
[EventDate "2023.10.01"]
[EventType "team-swiss"]
[EventRounds "7"]
[EventCountry "ALB"]
[SourceTitle "EXT 2024"]
[Source "ChessBase"]
[SourceDate "2023.10.10"]
[SourceVersion "1"]
[SourceVersionDate "2023.10.10"]
[SourceQuality "1"]
[WhiteTeam "Ljubljana Tajfun"]
[BlackTeam "MRU ROSK Consulting"]
[WhiteTeamCountry "SLO"]
[BlackTeamCountry "LTU"]

1. e4 e5 2. Nf3 Nc6 3. Bb5 a6 4. Ba4 d6 5. 0-0 Nf6 6. Re1 Bd7 7. c3 g6 8. d4 Bg7 9. h3 0-0 10. Bc2 Re8 11. Nbd2 a5 12. a4 exd4 13. cxd4 Nb4 14. Bb1 b5 15. e5 Nfd5 16. axb5 dxe5 17. dxe5 Qb8 18. Ne4 Bxb5 19. Bg5 h6 20. Bd2 Qb6 21. Qc1 h5 22. Ra3 Bxe5 23. Nxe5 Rxe5 24. Bxb4 Nxb4 25. Qh6 f5 26. Nf6+ Qxf6 27. Rxe5 Qxe5 28. Qxg6+ Kf8 29. Re3 Be8 30. Qg5 Qxb2 31. Qe7+ Kg8 32. Rg3+ 1-0

[Event "Sitges op 47th"]
[Site "Sitges"]
[Date "2023.07.30"]
[Round "9"]
[White "Klabis, Rokas"]
[Black "Cordoba Roa, Angel Gabriel"]
[Result "1/2-1/2"]
[WhiteElo "2420"]
[BlackElo "2339"]
[PlyCount "24"]
[EventDate "2023.07.22"]
[EventType "swiss"]
[EventRounds "9"]
[EventCountry "ESP"]
[SourceTitle "CBM 215 Extra"]
[Source "ChessBase"]
[SourceDate "2023.09.30"]
[SourceVersion "1"]
[SourceVersionDate "2023.09.30"]
[SourceQuality "1"]

1. e4 e5 2. Nf3 Nc6 3. d4 exd4 4. Nxd4 Nf6 5. Nc3 Bb4 6. Nxc6 bxc6 7. Bd3 0-0 8. 0-0 d5 9. Bd2 Re8 10. Nxd5 Nxd5 11. exd5 Bxd2 12. Qxd2 cxd5 1/2-1/2

[Event "Piestany op-A"]
[Site "Piestany"]
[Date "2023.07.18"]
[Round "8"]
[White "Kosakowski, Jakub"]
[Black "Klabis, Rokas"]
[Result "1-0"]
[WhiteElo "2475"]
[BlackElo "2420"]
[PlyCount "83"]
[EventDate "2023.07.11"]
[EventType "swiss"]
[EventRounds "9"]
[EventCountry "SVK"]
[SourceTitle "EXT 2024"]
[Source "ChessBase"]
[SourceDate "2023.10.10"]
[SourceVersion "1"]
[SourceVersionDate "2023.10.10"]
[SourceQuality "1"]

1. e4 e5 2. Nc3 Nf6 3. Bc4 Bb4 4. d3 c6 5. Bb3 d5 6. Bd2 Bg4 7. Nf3 d4 8. Ne2 Bxf3 9. gxf3 Bxd2+ 10. Qxd2 Nh5 11. f4 Nd7 12. 0-0-0 Nxf4 13. Nxf4 exf4 14. Qxf4 0-0 15. Rhg1 Qf6 16. Qxf6 Nxf6 17. Rg5 Nd7 18. Rdg1 g6 19. h4 Kg7 20. h5 Rfe8 21. f4 b6 22. a3 a5 23. Ba2 Ra7 24. R5g3 a4 25. Rh3 Nf8 26. f5 Kf6 27. fxg6 fxg6 28. Rf1+ Ke5 29. hxg6 Nxg6 30. Rh5+ Kd6 31. Rf6+ Kc7 32. Rxh7+ Re7 33. Rhf7 Rxf7 34. Rxf7+ Kb8 35. Rf6 Ne5 36. Re6 Ra5 37. Kd1 Kc7 38. Bd5 Ng4 39. Rxc6+ Kd8 40. Rxb6 Ra7 41. Rb8+ Kc7 42. Ra8 1-0

[Event "Piestany op-A"]
[Site "Piestany"]
[Date "2023.07.16"]
[Round "6"]
[White "Bochnicka, Vladimir1111"]
[Black "Klabis, Rokas"]
[Result "1/2-1/2"]
[WhiteElo "2330"]
[BlackElo "2420"]
[PlyCount "89"]
[EventDate "2023.07.11"]
[EventType "swiss"]
[EventRounds "9"]
[EventCountry "SVK"]
[SourceTitle "EXT 2024"]
[Source "ChessBase"]
[SourceDate "2023.10.10"]
[SourceVersion "1"]
[SourceVersionDate "2023.10.10"]
[SourceQuality "1"]

1. e4 e5 2. Nf3 Nc6 3. d4 exd4 4. Nxd4 Bc5 5. Nb3 Bb4+ 6. c3 Be7 7. g3 Nf6 8. Bg2 d6 9. h3 Be6 10. Nd4 Nxd4 11. cxd4 d5 12. e5 Ne4 13. Nc3 Nxc3 14. bxc3 Qd7 15. Rb1 b6 16. Qb3 0-0 17. 0-0 Rad8 18. Kh2 f6 19. Bf4 g5 20. exf6 gxf4 21. fxe7 Qxe7 22. Rfe1 Qd7 23. Qd1 fxg3+ 24. fxg3 Rf2 25. Re2 Rxe2 26. Qxe2 Re8 27. Qh5 c6 28. Rf1 Bf7 29. Qg5+ Bg6 30. h4 Qe7 31. Rf6 Kg7 32. Rxc6 Qxg5 33. hxg5 Re2 34. Rc7+ Bf7 35. Rxa7 Kg6 36. g4 Re3 37. Rc7 Be6 38. Rc6 Kxg5 39. Rxb6 Bxg4 40. Bxd5 Rxc3 41. Rb2 Rd3 42. Be4 Rxd4 43. Bxh7 Kf4 44. a3 Bf3 45. Rb4 1/2-1/2

[Event "Piestany op-A"]
[Site "Piestany"]
[Date "2023.07.15"]
[Round "5"]
[White "Klabis, Rokas"]
[Black "Rudzinska, Michalina"]
[Result "1-0"]
[WhiteElo "2420"]
[BlackElo "2257"]
[PlyCount "95"]
[EventDate "2023.07.11"]
[EventType "swiss"]
[EventRounds "9"]
[EventCountry "SVK"]
[SourceTitle "EXT 2024"]
[Source "ChessBase"]
[SourceDate "2023.10.10"]
[SourceVersion "1"]
[SourceVersionDate "2023.10.10"]
[SourceQuality "1"]

1. e4 c6 2. d4 d5 3. e5 Bf5 4. h4 h5 5. Bd3 Bxd3 6. Qxd3 Qa5+ 7. b4 Qa6 8. e6 Qxd3 9. cxd3 Nh6 10. Nd2 Na6 11. Rb1 Nc7 12. exf7+ Nxf7 13. Ndf3 e6 14. Nh3 Bd6 15. 0-0 Kd7 16. Bf4 Rae8 17. Rfe1 Rhf8 18. a4 a6 19. g3 Re7 20. Kg2 Rfe8 21. Bxd6 Kxd6 22. Nf4 e5 23. Ng6 e4 24. Nfe5 Nxe5 25. dxe5+ Rxe5 26. Nxe5 Rxe5 27. dxe4 dxe4 28. Rbd1+ Rd5 29. Rxd5+ cxd5 30. f3 Ke5 31. fxe4 dxe4 32. Rc1 Nd5 33. b5 axb5 34. axb5 Kd4 35. Rc8 b6 36. Rg8 Ne3+ 37. Kf2 Nf5 38. Rd8+ Kc4 39. Rf8 g6 40. Rf6 Kd3 41. Ke1 Nd4 42. Rxb6 Nc2+ 43. Kf1 Ne3+ 44. Kf2 Nc4 45. Re6 e3+ 46. Ke1 Nd2 47. Rd6+ Kc4 48. b6 1-0

[Event "Piestany op-A"]
[Site "Piestany"]
[Date "2023.07.13"]
[Round "3"]
[White "Klabis, Rokas"]
[Black "Navaratnam, Rohan Shan Tze"]
[Result "1/2-1/2"]
[WhiteElo "2420"]
[BlackElo "2315"]
[PlyCount "81"]
[EventDate "2023.07.11"]
[EventType "swiss"]
[EventRounds "9"]
[EventCountry "SVK"]
[SourceTitle "EXT 2024"]
[Source "ChessBase"]
[SourceDate "2023.10.10"]
[SourceVersion "1"]
[SourceVersionDate "2023.10.10"]
[SourceQuality "1"]

1. e4 e5 2. Nf3 Nf6 3. Nxe5 d6 4. Nf3 Nxe4 5. d4 d5 6. Bd3 Bd6 7. 0-0 0-0 8. c4 c6 9. Nc3 Nxc3 10. bxc3 dxc4 11. Bxc4 Bg4 12. Be2 Nd7 13. Ng5 Bxe2 14. Qxe2 Nf6 15. a4 h6 16. Nf3 Re8 17. Qd3 Qa5 18. Bd2 Re7 19. c4 Qh5 20. Rfe1 Rae8 21. Rxe7 Rxe7 22. Qb3 Ne4 23. Be3 c5 24. Rd1 b6 25. h3 cxd4 26. Rxd4 Bc5 27. Rd5 Qg6 28. a5 Bxe3 29. Qxe3 Qf6 30. axb6 axb6 31. Rd8+ Kh7 32. Qa3 Ng5 33. Qd3+ g6 34. Nxg5+ hxg5 35. Qd4 Re1+ 36. Kh2 Qxd4 37. Rxd4 Kg7 38. Rd6 Rc1 39. Rc6 Rc3 40. g3 Kf8 41. Rxb6 1/2-1/2

[Event "Titled Tuesday intern op 7th Mar Early"]
[Site "Chess.com INT"]
[Date "2023.03.07"]
[Round "9"]
[White "Derjabin, Ilja"]
[Black "Klabis, Rokas"]
[Result "1-0"]
[WhiteElo "2333"]
[BlackElo "2396"]
[PlyCount "71"]
[EventDate "2023.03.07"]
[EventType "swiss (blitz)"]
[EventRounds "11"]
[EventCountry "USA"]
[SourceTitle "EXT 2024"]
[Source "ChessBase"]
[SourceDate "2023.10.10"]
[SourceVersion "1"]
[SourceVersionDate "2023.10.10"]
[SourceQuality "1"]

1. d4 Nf6 2. c4 e6 3. Nc3 Bb4 4. a3 Bxc3+ 5. bxc3 d6 6. f3 0-0 7. e4 e5 8. Bd3 Nbd7 9. Ne2 b6 10. 0-0 a5 11. g4 Qe7 12. Ng3 Ba6 13. g5 Ne8 14. Nf5 Qd8 15. Ra2 g6 16. Nh6+ Kh8 17. f4 Qe7 18. f5 c6 19. h4 Nc7 20. h5 b5 21. Rh2 bxc4 22. Bc2 exd4 23. cxd4 c3 24. Rf3 c5 25. Ng4 gxf5 26. exf5 cxd4 27. Qxd4+ Ne5 28. g6 Nb5 29. g7+ Kg8 30. f6 Nxg4 31. Qxg4 Qe1+ 32. Rf1 Rfe8 33. Bxh7+ Kxh7 34. Rxe1 Kg8 35. Rxe8+ Rxe8 36. h6 1-0

[Event "Titled Tuesday intern op 7th Mar Early"]
[Site "Chess.com INT"]
[Date "2023.03.07"]
[Round "2"]
[White "Klabis, Rokas"]
[Black "Hoffmann, Asa"]
[Result "1-0"]
[WhiteElo "2396"]
[BlackElo "2185"]
[PlyCount "57"]
[EventDate "2023.03.07"]
[EventType "swiss (blitz)"]
[EventRounds "11"]
[EventCountry "USA"]
[SourceTitle "EXT 2024"]
[Source "ChessBase"]
[SourceDate "2023.10.10"]
[SourceVersion "1"]
[SourceVersionDate "2023.10.10"]
[SourceQuality "1"]

1. e4 d6 2. d4 Nf6 3. Nc3 c6 4. Be3 Ng4 5. Bg5 Qb6 6. Rb1 e5 7. Nf3 f6 8. Bh4 g5 9. Bg3 h5 10. h3 Nh6 11. Bc4 h4 12. Bh2 Nf7 13. Bxf7+ Kxf7 14. dxe5 dxe5 15. Bxe5 fxe5 16. Nxe5+ Kg7 17. 0-0 Be7 18. Kh1 Be6 19. f4 Bf6 20. Ng4 Bxg4 21. Qxg4 Qc5 22. e5 Be7 23. Ne4 Qxc2 24. f5 Bd8 25. f6+ Kf8 26. Nxg5 Qg6 27. Ne6+ Kf7 28. Nxd8+ Rxd8 29. e6+ 1-0

[Event "Titled Tuesday intern op 7th Mar Early"]
[Site "Chess.com INT"]
[Date "2023.03.07"]
[Round "1"]
[White "Pein, Jonathan"]
[Black "Klabis, Rokas"]
[Result "1/2-1/2"]
[WhiteElo "2301"]
[BlackElo "2396"]
[PlyCount "131"]
[EventDate "2023.03.07"]
[EventType "swiss (blitz)"]
[EventRounds "11"]
[EventCountry "USA"]
[SourceTitle "EXT 2024"]
[Source "ChessBase"]
[SourceDate "2023.10.10"]
[SourceVersion "1"]
[SourceVersionDate "2023.10.10"]
[SourceQuality "1"]

1. e4 e5 2. Nc3 Nc6 3. Nf3 Be7 4. Bc4 Nf6 5. d3 0-0 6. 0-0 d6 7. h3 h6 8. a4 Nh7 9. Re1 Ng5 10. Nd5 Nxf3+ 11. Qxf3 Kh8 12. Nxe7 Qxe7 13. c3 Be6 14. Bxe6 fxe6 15. Qg3 d5 16. f4 exf4 17. Bxf4 e5 18. exd5 exf4 19. Rxe7 fxg3 20. dxc6 bxc6 21. Rf1 Rxf1+ 22. Kxf1 Rf8+ 23. Ke1 Rf2 24. Re2 Rf4 25. Re4 Rf2 26. Re2 Rf5 27. Kd2 h5 28. h4 Rf4 29. Re4 Rf2+ 30. Re2 Rf4 31. Re4 Rf6 32. b4 Kh7 33. d4 Rf2+ 34. Re2 Rf4 35. Re3 Rg4 36. Kd3 g5 37. hxg5 h4 38. Re1 Kg6 39. Ke3 Kxg5 40. a5 Rf4 41. c4 Rf2 42. Re2 Rf1 43. Ke4 Kg4 44. d5 Rc1 45. Kd4 h3 46. gxh3+ Kxh3 47. Re7 g2 48. Rh7+ Kg3 49. Rxc7 cxd5 50. Rg7+ Kf3 51. cxd5 g1Q+ 52. Rxg1 Rxg1 53. d6 Rd1+ 54. Kc5 Ke4 55. Kc6 Ke5 56. d7 Ke6 57. b5 Rxd7 58. b6 axb6 59. axb6 Rd1 60. b7 Rb1 61. Kc7 Rc1+ 62. Kd8 Rb1 63. Kc8 Rc1+ 64. Kd8 Rd1+ 65. Kc8 Rc1+ 66. Kd8 1/2-1/2

[Event "Bratislava Slovakia op"]
[Site "Bratislava"]
[Date "2022.10.02"]
[Round "8"]
[White "Babula, Vlastimil1111"]
[Black "Klabis, Rokas"]
[Result "0-1"]
[WhiteElo "2253"]
[BlackElo "2396"]
[PlyCount "94"]
[EventDate "2022.09.30"]
[EventType "swiss (rapid)"]
[EventRounds "9"]
[EventCountry "SVK"]
[SourceTitle "CBM 210 Extra"]
[Source "ChessBase"]
[SourceDate "2022.11.30"]
[SourceVersion "1"]
[SourceVersionDate "2022.11.30"]
[SourceQuality "1"]

1. e4 e5 2. Nf3 Nc6 3. Bc4 Bc5 4. 0-0 Nf6 5. d3 d6 6. c3 a5 7. Re1 Ba7 8. Nbd2 0-0 9. h3 h6 10. Nf1 Ne7 11. d4 Ng6 12. a4 exd4 13. Nxd4 Nxe4 14. Qh5 d5 15. Bxd5 Nf6 16. Qxg6 Nxd5 17. Qg3 Bxd4 18. cxd4 Ra6 19. Bd2 Nb4 20. Bxb4 axb4 21. Rac1 Qxd4 22. b3 Rg6 23. Qf3 Be6 24. Ne3 c6 25. Red1 Qh4 26. Rd3 Rf6 27. Qg3 Qe4 28. Ng4 Rg6 29. Re3 Qd4 30. Qe5 Qd2 31. Rce1 f5 32. Nh2 f4 33. Nf3 fxe3 34. Nxd2 exf2+ 35. Kh2 fxe1Q 36. Qxe1 Bd5 37. Nf3 Rxg2+ 38. Kxg2 Rxf3 39. Kg1 Rxb3 40. Qe7 Rg3+ 41. Kf1 b3 42. Qxb7 Rg2 43. a5 Ra2 44. a6 b2 45. a7 Ra1+ 46. Kf2 Rxa7 47. Qc8+ Kh7 0-1

[Event "Bratislava Slovakia op"]
[Site "Bratislava"]
[Date "2022.10.01"]
[Round "4"]
[White "Stocek, Jiri"]
[Black "Klabis, Rokas"]
[Result "1-0"]
[WhiteElo "2559"]
[BlackElo "2396"]
[PlyCount "45"]
[EventDate "2022.09.30"]
[EventType "swiss (rapid)"]
[EventRounds "9"]
[EventCountry "SVK"]
[SourceTitle "CBM 210 Extra"]
[Source "ChessBase"]
[SourceDate "2022.11.30"]
[SourceVersion "1"]
[SourceVersionDate "2022.11.30"]
[SourceQuality "1"]

1. Nf3 Nf6 2. c4 d5 3. cxd5 Nxd5 4. e4 Nb6 5. d4 Bg4 6. Be3 e5 7. d5 c6 8. Nc3 cxd5 9. Bb5+ N8d7 10. Bxb6 Qxb6 11. Bxd7+ Bxd7 12. Nxe5 Qxb2 13. 0-0 Qxc3 14. Qxd5 Be6 15. Qb5+ Ke7 16. Rac1 Qd4 17. Rc7+ Kd8 18. Rxb7 Rc8 19. Rb8 Bd7 20. Rxc8+ Kxc8 21. Nxd7 Bd6 22. Rc1+ Kd8 23. Qb7 1-0

[Event "Bratislava Slovakia op"]
[Site "Bratislava"]
[Date "2022.09.30"]
[Round "2"]
[White "Stevik, Patrik1111"]
[Black "Klabis, Rokas"]
[Result "0-1"]
[WhiteElo "2148"]
[BlackElo "2396"]
[PlyCount "92"]
[EventDate "2022.09.30"]
[EventType "swiss (rapid)"]
[EventRounds "9"]
[EventCountry "SVK"]
[SourceTitle "CBM 210 Extra"]
[Source "ChessBase"]
[SourceDate "2022.11.30"]
[SourceVersion "1"]
[SourceVersionDate "2022.11.30"]
[SourceQuality "1"]

1. Nf3 Nf6 2. g3 d5 3. Bg2 e6 4. d4 Be7 5. 0-0 0-0 6. c4 dxc4 7. Nbd2 b5 8. a4 c6 9. Qc2 Nd5 10. b3 c3 11. Ne4 b4 12. Neg5 Nf6 13. e4 h6 14. e5 hxg5 15. Nxg5 g6 16. exf6 Bxf6 17. Ne4 Bg7 18. Bg5 Qa5 19. Be7 Re8 20. Bc5 Ba6 21. Rfd1 Nd7 22. Nd6 Nxc5 23. dxc5 Red8 24. Bxc6 Rab8 25. Bb5 Bxb5 26. Nxb5 Rxd1+ 27. Rxd1 a6 28. Nd6 Qxc5 29. Nc4 Bd4 30. Rd3 Qxc4 31. bxc4 b3 32. Qd1 b2 33. Rxd4 b1Q 34. Rd8+ Kh7 35. Kg2 c2 36. Qf3 Qb7 37. Rxb8 Qxf3+ 38. Kxf3 c1Q 39. Rb7 Kg7 40. Rc7 Qa3+ 41. Ke4 Qxa4 42. Kd4 Qb4 43. Rc5 Qd2+ 44. Ke5 Qxf2 45. Kd6 a5 46. Rb5 Qd4+ 0-1

[Event "Keres Memorial rap 31st"]
[Site "Tallinn"]
[Date "2022.09.11"]
[Round "9"]
[White "Bazilius, Augustinas"]
[Black "Klabis, Rokas"]
[Result "0-1"]
[WhiteElo "2103"]
[BlackElo "2396"]
[PlyCount "101"]
[EventDate "2022.09.10"]
[EventType "swiss (rapid)"]
[EventRounds "11"]
[EventCountry "EST"]
[SourceTitle "CBM 210 Extra"]
[Source "ChessBase"]
[SourceDate "2022.11.30"]
[SourceVersion "1"]
[SourceVersionDate "2022.11.30"]
[SourceQuality "1"]

1. d4 Nf6 2. c4 e6 3. Nf3 Bb4+ 4. Bd2 Qe7 5. g3 0-0 6. Bg2 d5 7. Qc2 Ne4 8. 0-0 Nxd2 9. Nbxd2 Nc6 10. Rfd1 Qf6 11. Nf1 dxc4 12. Qxc4 Bd6 13. e4 e5 14. d5 Nb8 15. Ne3 Nd7 16. Qc3 Nb6 17. b4 Bd7 18. Nc4 Nxc4 19. Qxc4 a5 20. a3 Qe7 21. Nd2 axb4 22. axb4 Rxa1 23. Rxa1 Bxb4 24. Nb3 Bd6 25. Ra7 b6 26. Nd2 h6 27. Qc2 Bb5 28. Nc4 Bxc4 29. Qxc4 Qg5 30. Ra2 Rb8 31. Qb5 Qc1+ 32. Bf1 Qc3 33. Bd3 g6 34. Kg2 Kg7 35. Bb1 Qc5 36. Bd3 Qc3 37. Bb1 h5 38. h3 h4 39. g4 Bc5 40. Bd3 Qd4 41. Bb1 Ra8 42. Qe2 Rxa2 43. Bxa2 b5 44. Qf3 Bd6 45. Bb3 Qd2 46. Bd1 Bc5 47. Bb3 f6 48. Bd1 Bxf2 49. Be2 Bd4 50. Qd3 Qe1 51. Bf3 0-1

[Event "Keres Memorial rap 31st"]
[Site "Tallinn"]
[Date "2022.09.10"]
[Round "6"]
[White "Klabis, Rokas"]
[Black "Ehlvest, Jaan"]
[Result "1/2-1/2"]
[WhiteElo "2396"]
[BlackElo "2530"]
[PlyCount "72"]
[EventDate "2022.09.10"]
[EventType "swiss (rapid)"]
[EventRounds "11"]
[EventCountry "EST"]
[SourceTitle "CBM 210 Extra"]
[Source "ChessBase"]
[SourceDate "2022.11.30"]
[SourceVersion "1"]
[SourceVersionDate "2022.11.30"]
[SourceQuality "1"]

1. e4 c5 2. Nf3 e6 3. d4 cxd4 4. Nxd4 Nf6 5. Nc3 Nc6 6. Nxc6 bxc6 7. Bd3 d5 8. 0-0 Qc7 9. Qf3 Bd6 10. h3 0-0 11. Bg5 Nd7 12. exd5 Ne5 13. Qe4 Nxd3 14. Qxd3 exd5 15. Ne2 Re8 16. Rfe1 Bd7 17. c4 Bh2+ 18. Kh1 Be5 19. Rac1 Bxb2 20. Rc2 dxc4 21. Qxc4 Be5 22. Rec1 Rac8 23. Bf4 Be6 24. Bxe5 Qxe5 25. Qa4 Bf5 26. Rd2 c5 27. Ng3 Be6 28. Qxa7 h5 29. Qa5 h4 30. Nf1 Ra8 31. Qxc5 Qxc5 32. Rxc5 Rxa2 33. Rxa2 Bxa2 34. Ne3 Re4 35. Kh2 Be6 36. Ra5 Rd4 1/2-1/2

[Event "Keres Memorial rap 31st"]
[Site "Tallinn"]
[Date "2022.09.10"]
[Round "7"]
[White "Krivenko, Dion"]
[Black "Klabis, Rokas"]
[Result "1/2-1/2"]
[WhiteElo "2113"]
[BlackElo "2396"]
[PlyCount "112"]
[EventDate "2022.09.10"]
[EventType "swiss (rapid)"]
[EventRounds "11"]
[EventCountry "EST"]
[SourceTitle "CBM 210 Extra"]
[Source "ChessBase"]
[SourceDate "2022.11.30"]
[SourceVersion "1"]
[SourceVersionDate "2022.11.30"]
[SourceQuality "1"]

1. e4 e5 2. Nf3 Nc6 3. d4 exd4 4. Nxd4 Bc5 5. Be3 Qf6 6. Nb5 Bxe3 7. fxe3 Kd8 8. N1c3 Nge7 9. Qf3 Qxf3 10. gxf3 d6 11. 0-0-0 Be6 12. Nd4 Nxd4 13. exd4 d5 14. Rg1 g6 15. Be2 c6 16. b3 Kc7 17. Kb2 Rad8 18. a4 Rd7 19. exd5 Nxd5 20. Ne4 Bf5 21. Ng3 Ne3 22. Rd2 h5 23. c3 Re8 24. Bd3 Bxd3 25. Rxd3 Nd5 26. Ne4 f5 27. Nc5 Rde7 28. Rd2 Re2 29. Kc2 Nf4 30. Rgd1 b6 31. Na6+ Kb7 32. Nb4 a5 33. Nd3 Nxd3 34. Kxd3 R2e3+ 35. Kc4 Rxf3 36. Rg1 Ree3 37. Rc2 Re6 38. Rcg2 Ree3 39. Rc2 Re6 40. Rcg2 Rh3 41. Rxg6 Rxg6 42. Rxg6 Rxh2 43. Rf6 h4 44. Rxf5 h3 45. Rh5 Kc7 46. d5 cxd5+ 47. Rxd5 Rh1 48. Rh5 h2 49. Rh6 Kd7 50. Kb5 Rb1 51. Rxh2 Rxb3+ 52. Kc4 Rb1 53. Rh6 Kc7 54. Rh7+ Kc6 55. Rh6+ Kb7 56. Rg6 Kc7 1/2-1/2

[Event "Pardubice Czech op-A 33rd"]
[Site "Pardubice"]
[Date "2022.07.26"]
[Round "5"]
[White "Klabis, Rokas"]
[Black "Kulon, Klaudia"]
[Result "1-0"]
[WhiteElo "2382"]
[BlackElo "2286"]
[PlyCount "149"]
[EventDate "2022.07.22"]
[EventType "swiss"]
[EventRounds "9"]
[EventCountry "CZE"]
[SourceTitle "CBM 209 Extra"]
[Source "ChessBase"]
[SourceDate "2022.09.30"]
[SourceVersion "1"]
[SourceVersionDate "2022.09.30"]
[SourceQuality "1"]

1. e4 e5 2. Nf3 Nc6 3. Bb5 a6 4. Ba4 Nf6 5. d3 d6 6. c4 g6 7. Nc3 Bg7 8. Nd5 h6 9. Nb4 Bd7 10. Nxc6 bxc6 11. Bd2 c5 12. 0-0 0-0 13. b4 cxb4 14. Bxb4 Rb8 15. Bd2 Nh5 16. Bxd7 Qxd7 17. Qc1 Nf4 18. Bxf4 exf4 19. d4 g5 20. h3 c5 21. Qa3 cxd4 22. Qxa6 Qc7 23. Rab1 Qc5 24. Rxb8 Rxb8 25. Qa4 Bf6 26. Qc2 Qa3 27. Rb1 Rxb1+ 28. Qxb1 d3 29. c5 dxc5 30. Qb8+ Kh7 31. Qd6 Bg7 32. Qd5 Kg8 33. e5 Qa6 34. Nd2 Qa5 35. Nf3 Qa6 36. Nd2 Qe6 37. Qd8+ Bf8 38. Qxd3 Qxe5 39. Ne4 Bg7 40. Qd8+ Kh7 41. Qd3 f5 42. Nd6 Kg6 43. a4 Bf8 44. Nc4 Qe1+ 45. Qf1 Qb4 46. a5 Bg7 47. Qe2 Bd4 48. Qe6+ Kg7 49. Nd6 Qxa5 50. Nxf5+ Kh7 51. Qxh6+ Kg8 52. Qxg5+ Kf7 53. Qe7+ Kg6 54. Nh4+ Kh6 55. Qe6+ Kg7 56. Nf5+ Kf8 57. Qe7+ Kg8 58. Qe8+ Kh7 59. Qf7+ Kh8 60. Ne7 Bxf2+ 61. Kxf2 Qd2+ 62. Kf3 Qd1+ 63. Ke4 Qe2+ 64. Kf5 Qc2+ 65. Ke5 Qb2+ 66. Ke6 Qa2+ 67. Nd5 Qxg2 68. Qh5+ Kg7 69. Qe5+ Kg8 70. Ne7+ Kh7 71. Qh5+ Kg7 72. Qe5+ Kh7 73. Qf5+ Kg7 74. Qf7+ Kh6 75. Nf5+ 1-0

[Event "Pardubice Czech op-A 33rd"]
[Site "Pardubice"]
[Date "2022.07.22"]
[Round "1"]
[White "Klabis, Rokas"]
[Black "Haufe, Laurin"]
[Result "1-0"]
[WhiteElo "2382"]
[BlackElo "2142"]
[PlyCount "53"]
[EventDate "2022.07.22"]
[EventType "swiss"]
[EventRounds "9"]
[EventCountry "CZE"]
[SourceTitle "CBM 209 Extra"]
[Source "ChessBase"]
[SourceDate "2022.09.30"]
[SourceVersion "1"]
[SourceVersionDate "2022.09.30"]
[SourceQuality "1"]

1. e4 c6 2. d4 d5 3. Nc3 dxe4 4. Nxe4 Bf5 5. Ng3 Bg6 6. h4 h6 7. Nf3 Nd7 8. h5 Bh7 9. Bd3 Bxd3 10. Qxd3 e6 11. Bd2 Ngf6 12. 0-0-0 Bd6 13. Kb1 0-0 14. Ne4 Nxe4 15. Qxe4 Nf6 16. Qe2 Re8 17. g4 Nh7 18. Ne5 Qc7 19. f4 c5 20. dxc5 Qxc5 21. Nd3 Qb5 22. g5 hxg5 23. fxg5 Nxg5 24. h6 g6 25. c4 Qf5 26. Rdf1 Qe4 27. h7+ 1-0

[Event "LTU-ch"]
[Site "Kaunas"]
[Date "2022.05.27"]
[Round "7"]
[White "Klabis, Rokas"]
[Black "Stremavicius, Titas"]
[Result "0-1"]
[WhiteElo "2373"]
[BlackElo "2508"]
[PlyCount "82"]
[EventDate "2022.05.22"]
[EventType "tourn"]
[EventRounds "9"]
[EventCountry "LTU"]
[SourceTitle "CBM 208 Extra"]
[Source "ChessBase"]
[SourceDate "2022.07.31"]
[SourceVersion "1"]
[SourceVersionDate "2022.07.31"]
[SourceQuality "1"]

1. e4 c5 2. Nf3 Nc6 3. Bb5 Nf6 4. Nc3 g6 5. e5 Ng4 6. Bxc6 dxc6 7. d3 Bg7 8. Qe2 Nh6 9. Bxh6 Bxh6 10. 0-0 0-0 11. a4 Bg7 12. h3 a5 13. Rfe1 h6 14. Qe3 b6 15. Rad1 Be6 16. d4 c4 17. d5 Bxd5 18. Nxd5 cxd5 19. e6 Qd6 20. exf7+ Rxf7 21. Ne5 Bxe5 22. Qxe5 Rd8 23. Rd4 Rd7 24. Qxd6 Rxd6 25. Red1 Rf5 26. g4 Re5 27. f4 Re2 28. Rxd5 Rxc2 29. Rxd6 exd6 30. Rxd6 Rxb2 31. Rxg6+ Kf7 32. Rc6 b5 33. Kf1 bxa4 34. Rc7+ Kf8 35. Rc8+ Ke7 36. Rc7+ Kd6 37. Rxc4 a3 38. Ra4 a2 39. Rxa5 Rb1+ 40. Kg2 a1Q 41. Rxa1 Rxa1 0-1

[Event "LTU-ch"]
[Site "Kaunas"]
[Date "2022.05.24"]
[Round "3"]
[White "Klabis, Rokas"]
[Black "Novik, Maxim"]
[Result "1/2-1/2"]
[WhiteElo "2373"]
[BlackElo "2434"]
[PlyCount "76"]
[EventDate "2022.05.22"]
[EventType "tourn"]
[EventRounds "9"]
[EventCountry "LTU"]
[SourceTitle "CBM 208 Extra"]
[Source "ChessBase"]
[SourceDate "2022.07.31"]
[SourceVersion "1"]
[SourceVersionDate "2022.07.31"]
[SourceQuality "1"]

1. e4 c6 2. d4 d5 3. Nc3 dxe4 4. Nxe4 Bf5 5. Ng3 Bg6 6. h4 h6 7. Nf3 e6 8. h5 Bh7 9. Bd3 Bxd3 10. Qxd3 Nf6 11. Bd2 c5 12. Ne4 Nc6 13. Bc3 cxd4 14. Nxd4 Nxd4 15. Nxf6+ gxf6 16. Qxd4 Qxd4 17. Bxd4 e5 18. Be3 Rc8 19. 0-0-0 Bc5 20. Bd2 Ke7 21. Rdf1 f5 22. Rh3 Ke6 23. Rb3 b6 24. Rh3 f4 25. g3 fxg3 26. Rxg3 Rhg8 27. Rh3 Rg2 28. Bxh6 Bxf2 29. Rf3 Bh4 30. Bd2 e4 31. Rh3 Bf2 32. h6 Bd4 33. h7 e3 34. Rh6+ Kd5 35. Rh5+ Ke6 36. Rh6+ Rg6 37. Rxg6+ fxg6 38. Re1 Kf6 1/2-1/2

[Event "LTU-chT"]
[Site "Lithuania"]
[Date "2022.03.13"]
[Round "4.2"]
[White "Golubovskis, Maksims"]
[Black "Klabis, Rokas"]
[Result "0-1"]
[WhiteElo "2210"]
[BlackElo "2369"]
[PlyCount "116"]
[EventDate "2022.03.11"]
[EventType "team-swiss"]
[EventRounds "7"]
[EventCountry "LTU"]
[SourceTitle "CBM 207 Extra"]
[Source "ChessBase"]
[SourceDate "2022.05.31"]
[SourceVersion "1"]
[SourceVersionDate "2022.05.31"]
[SourceQuality "1"]
[WhiteTeam "Vilnius Juoda Balta"]
[BlackTeam "Vilnius MRU"]
[WhiteTeamCountry "LTU"]
[BlackTeamCountry "LTU"]

1. e4 e5 2. Nf3 Nc6 3. d4 exd4 4. Nxd4 Bc5 5. Nb3 Bb6 6. Nc3 Nf6 7. Qe2 a5 8. e5 0-0 9. Na4 Nxe5 10. Nxb6 cxb6 11. Bg5 h6 12. 0-0-0 Ng6 13. Be3 a4 14. Nd2 a3 15. Qb5 axb2+ 16. Kxb2 Qe7 17. Qb3 d6 18. Bxb6 Be6 19. Bc4 d5 20. Bb5 Ne4 21. Bd4 Nxf2 22. Bxf2 Qf6+ 23. Kb1 Qxf2 24. a4 Ne5 25. Qg3 Qxg3 26. hxg3 Rfc8 27. Rhe1 Bf5 28. Rc1 Nc6 29. Nb3 Be4 30. Re2 Rc7 31. Kb2 Ne5 32. Nd2 f5 33. Kb3 Rac8 34. c3 Kf7 35. Kb4 Kf6 36. Nb3 Nc6+ 37. Bxc6 Rxc6 38. Nd2 Rb6+ 39. Ka3 Ra6 40. Kb4 Rca8 41. Ra1 Bc2 42. Kc5 Ra5+ 43. Kb6 Rxa4 44. Rae1 Be4 45. Kxb7 Ra1 46. Nxe4+ fxe4 47. c4 dxc4 48. Rxe4 Rxe1 49. Rxe1 Ra2 50. Kc6 Rxg2 51. Re3 Kf5 52. Kd5 Kg4 53. Kxc4 Rxg3 54. Re7 g5 55. Kd4 Rf3 56. Ke4 Rf1 57. Kd3 h5 58. Ke2 Rf5 0-1